<?xml version="1.0" encoding="UTF-8"?>
<record
    xmlns:xsi="http://www.w3.org/2001/XMLSchema-instance"
    xsi:schemaLocation="http://www.loc.gov/MARC21/slim http://www.loc.gov/standards/marcxml/schema/MARC21slim.xsd"
    xmlns="http://www.loc.gov/MARC21/slim">

  <leader>00853nam a2200193Ia 4500</leader>
  <controlfield tag="008">090201s9999    xx            000 0 und d</controlfield>
  <datafield tag="010" ind1=" " ind2=" ">
    <subfield code="a">KPL-69812</subfield>
  </datafield>
  <datafield tag="020" ind1=" " ind2=" ">
    <subfield code="a">81-7992-527-7</subfield>
  </datafield>
  <datafield tag="040" ind1=" " ind2=" ">
    <subfield code="b">&#x92E;&#x930;&#x93E;&#x920;&#x940;</subfield>
  </datafield>
  <datafield tag="041" ind1=" " ind2=" ">
    <subfield code="a">&#x92E;&#x930;&#x93E;&#x920;&#x940;</subfield>
  </datafield>
  <datafield tag="082" ind1=" " ind2=" ">
    <subfield code="a">48288</subfield>
    <subfield code="b">69812</subfield>
  </datafield>
  <datafield tag="100" ind1=" " ind2=" ">
    <subfield code="a">&#x936;&#x930;&#x94D;&#x92E;&#x93E; &#x930;&#x949;&#x92C;&#x940;&#x928; &#x90F;&#x938; &#x905;&#x928;&#x941; / &#x91C;&#x94B;&#x936;&#x940; &#x92E;&#x93E;&#x932;&#x924;&#x940;</subfield>
  </datafield>
  <datafield tag="245" ind1=" " ind2=" ">
    <subfield code="a">&#x938;&#x902;&#x928;&#x94D;&#x92F;&#x93E;&#x938;&#x940; &#x91C;&#x94D;&#x92F;&#x93E;&#x928;&#x947; &#x906;&#x92A;&#x932;&#x940; &#x938;&#x902;&#x92A;&#x924;&#x94D;&#x924;&#x940; &#x935;&#x93F;&#x915;&#x932;&#x940; (&#x930;&#x93E;&#x92E;&#x92C;&#x93E;&#x917;)</subfield>
    <subfield code="c">&#x936;&#x930;&#x94D;&#x92E;&#x93E; &#x930;&#x949;&#x92C;&#x940;&#x928; &#x90F;&#x938; &#x905;&#x928;&#x941; / &#x91C;&#x94B;&#x936;&#x940; &#x92E;&#x93E;&#x932;&#x924;&#x940;</subfield>
  </datafield>
  <datafield tag="250" ind1=" " ind2=" ">
    <subfield code="a">1</subfield>
  </datafield>
  <datafield tag="260" ind1=" " ind2=" ">
    <subfield code="c">2005</subfield>
    <subfield code="b">&#x91C;&#x92F;&#x915;&#x94B; &#x92A;&#x92C;&#x94D;&#x932;&#x93F;&#x936;&#x93F;&#x902;&#x917; &#x939;&#x93E;&#x90A;&#x938; </subfield>
  </datafield>
  <datafield tag="300" ind1=" " ind2=" ">
    <subfield code="a">183</subfield>
    <subfield code="b">&#x92E;&#x927;&#x94D;&#x92F;&#x92E;</subfield>
  </datafield>
  <datafield tag="600" ind1=" " ind2=" ">
    <subfield code="a">&#x938;&#x902;&#x928;&#x94D;&#x92F;&#x93E;&#x938;&#x940; &#x91C;&#x94D;&#x92F;&#x93E;&#x928;&#x947; &#x906;&#x92A;&#x932;&#x940; &#x938;&#x902;&#x92A;&#x924;&#x94D;&#x924;&#x940; &#x935;&#x93F;&#x915;&#x932;&#x940; (&#x930;&#x93E;&#x92E;&#x92C;&#x93E;&#x917;)</subfield>
  </datafield>
  <datafield tag="942" ind1=" " ind2=" ">
    <subfield code="c">BOOK</subfield>
  </datafield>
  <datafield tag="999" ind1=" " ind2=" ">
    <subfield code="c">244939</subfield>
    <subfield code="d">244939</subfield>
  </datafield>
  <datafield tag="952" ind1=" " ind2=" ">
    <subfield code="0">0</subfield>
    <subfield code="1">0</subfield>
    <subfield code="4">0</subfield>
    <subfield code="7">0</subfield>
    <subfield code="a">KALYANPL</subfield>
    <subfield code="b">KALYANPL</subfield>
    <subfield code="d">0000-00-00</subfield>
    <subfield code="g">150.00</subfield>
    <subfield code="l">0</subfield>
    <subfield code="p">KPL-69812</subfield>
    <subfield code="r">2009-02-01 00:00:00</subfield>
    <subfield code="t">1</subfield>
    <subfield code="v">150.00</subfield>
    <subfield code="w">2009-02-01</subfield>
    <subfield code="y">BOOK</subfield>
  </datafield>
</record>
